Joueurs géorgiens sélectionnés à l'Euro 2024 - Statistiques

Statistiques générales
  • Ce quiz a été pris 15 fois
  • Le résultat moyen est 6 sur 27
Statistiques - réponses
Poste Club Numéro Joueur % Correct
Attaquant FC Metz (France) 22 Georges Mikautadze
92%
Gardien Valence (Espagne) 25 Giorgi Mamardashvili
92%
Attaquant Napoli (Italie) 7 Khvicha Kvaratskhelia
83%
Milieu de terrain Girondins de Bordeaux (France) 9 Zuriko Davitashvili
58%
Attaquant Karlsruhe (Allemagne) 8 Budu Zivzivadze
33%
Milieu de terrain FC Watford (Angleterre) 10 Giorgi Chakvetadze
33%
Milieu de terrain Levante (Espagne) 6 Giorgi Kochorashvili
33%
Milieu de terrain Atlanta United (États-Unis) 23 Saba Lobjanidze
25%
Défenseur Slovan Bratislava (Slovaquie) 4 Guram Kashia
17%
Défenseur US Cremonese (Italie) 14 Luka Lochoshvili
17%
Défenseur Cracovia (Pologne) 2 Otar Kakabadze
17%
Milieu de terrain FC Bâle (Suisse) 26 Gabriel Sigua
8%
Défenseur Shakhtar Donetsk (Ukraine) 13 Giorgi Gocholeishvili
8%
Défenseur Persepolis FC (Iran) 15 Giorgi Gvelesiani
8%
Milieu de terrain Dinamo Batumi (Géorgie) 21 Giorgi Tsitaishvili
8%
Défenseur APOEL Nicosie (Chypre) 3 Lasha Dvali
8%
Milieu de terrain Panetolikos (Grèce) 19 Levan Shengelia
8%
Milieu de terrain Sturm Graz (Autriche) 17 Otar Kiteishvili
8%
Sélectionneur - - Willy Sagnol
8%
Milieu de terrain Universtatea Craiova (Roumanie) 20 Anzor Mekvabishvili
0%
Attaquant APOEL Nicosie (Chypre) 11 Giorgi Kvilitaia
0%
Gardien Dinamo Tbilisi (Géorgie) 1 Giorgi Loria
0%
Défenseur Panetolikos (Grèce) 24 Jemal Tabidze
0%
Gardien Qarabag (Azerbaïdjan) 12 Luka Gugeshashvili
0%
Milieu de terrain Lech Poznań (Pologne) 16 Nika Kvekveskiri
0%
Milieu de terrain Wolfsberger (Autriche) 18 Sandro Altunashvili
0%
Défenseur Al-Okhdood (Arabie Saoudite) 5 Solomon Kverkvelia
0%
Aucun quiz correspondant
Distribution des résultats
% des personnes avec chaque résultat
Percentile par nombre de réponses
Votre historique - résultats
Vous n’avez pas pris ce quiz